[Event "WLS-chT"]
[Site "Wales"]
[Date "2023.05.21"]
[Round "5"]
[White "Bullen, Alex"]
[Black "Jukes, Sam"]
[Result "1-0"]
[WhiteElo "2201"]
[BlackElo "2061"]
[PlyCount "61"]
[EventDate "2023.02.19"]
[EventType "team-tourn"]
[EventRounds "5"]
[EventCountry "WLS"]
[SourceTitle "EXT 2024"]
[Source "ChessBase"]
[SourceDate "2023.10.10"]
[SourceVersion "1"]
[SourceVersionDate "2023.10.10"]
[SourceQuality "1"]
[WhiteTeam "Cardiff"]
[BlackTeam "The Full Ponty"]
[WhiteTeamCountry "WLS"]
[BlackTeamCountry "WLS"]

1. d4 Nf6 2. Nf3 b6 3. Bg5 Bb7 4. Bxf6 exf6 5. h4 h5 6. e3 d5 7. Bd3 Qd7 8. Nfd2 Bd6 9. Qf3 Qg4 10. Be2 f5 11. c4 Na6 12. Nc3 Nb4 13. Rc1 Qxf3 14. Nxf3 dxc4 15. Bxc4 0-0 16. a3 Ba6 17. Nb5 Bxb5 18. Bxb5 a6 19. Be2 Nd5 20. Ng5 Nf6 21. 0-0 g6 22. Rc6 a5 23. Nf3 Nd5 24. Nd2 Ne7 25. Rc2 Rfd8 26. Nc4 f4 27. e4 Nc6 28. Rd1 Ne7 29. e5 Bxe5 30. Nxe5 Nf5 31. Nf3 1-0

[Event "WLS-chT"]
[Site "Wales"]
[Date "2023.05.07"]
[Round "4"]
[White "Jukes, Sam"]
[Black "Pleasants, Allan J"]
[Result "0-1"]
[WhiteElo "2061"]
[BlackElo "2048"]
[PlyCount "68"]
[EventDate "2023.02.19"]
[EventType "team-tourn"]
[EventRounds "5"]
[EventCountry "WLS"]
[SourceTitle "EXT 2024"]
[Source "ChessBase"]
[SourceDate "2023.10.10"]
[SourceVersion "1"]
[SourceVersionDate "2023.10.10"]
[SourceQuality "1"]
[WhiteTeam "The Full Ponty"]
[BlackTeam "White Knights"]
[WhiteTeamCountry "WLS"]
[BlackTeamCountry "WLS"]

1. e4 d6 2. d4 g6 3. Nc3 Bg7 4. f4 Nf6 5. Nf3 0-0 6. e5 Ne8 7. h4 c5 8. dxc5 Nc6 9. h5 Bg4 10. Bd3 dxe5 11. Rh4 Qd7 12. Ne4 Nf6 13. Neg5 Nxh5 14. Nxh7 Rfe8 15. Nhg5 exf4 16. Qe2 Nd4 17. Qf2 Rad8 18. Bd2 Bxf3 19. gxf3 Qd5 20. 0-0-0 Qxa2 21. Bc3 Nb3+ 22. cxb3 Bxc3 23. Qc2 Qa1+ 24. Qb1 Bxb2+ 25. Kc2 Qxb1+ 26. Rxb1 Bf6 27. Rg1 Bxg5 28. Rxg5 Kf8 29. Bb5 e5 30. Bxe8 Rxe8 31. Rg2 Rc8 32. b4 b6 33. Kd3 bxc5 34. Rc2 Rd8+ 0-1

[Event "WLS-ch 67th"]
[Site "Cardiff"]
[Date "2023.04.08"]
[Round "3"]
[White "Jukes, Sam"]
[Black "Toczek, Grzegorz"]
[Result "0-1"]
[WhiteElo "1900"]
[BlackElo "2260"]
[PlyCount "80"]
[EventDate "2023.04.07"]
[EventType "swiss"]
[EventRounds "7"]
[EventCountry "WLS"]
[SourceTitle "CBM 213 Extra"]
[Source "ChessBase"]
[SourceDate "2023.05.31"]
[SourceVersion "1"]
[SourceVersionDate "2023.05.31"]
[SourceQuality "1"]

1. e4 e6 2. Nf3 d5 3. e5 b6 4. a3 a5 5. d4 c5 6. Bg5 Qd7 7. a4 Ba6 8. Bxa6 Nxa6 9. Nc3 h6 10. Bd2 Ne7 11. Nb5 Nc6 12. 0-0 Be7 13. c3 0-0 14. Bf4 Nc7 15. Qd2 Kh7 16. Qd3+ Kh8 17. g4 Nxb5 18. axb5 Na7 19. h4 Rg8 20. g5 Qxb5 21. Qe3 h5 22. g6 fxg6 23. Kh2 Raf8 24. Rg1 Qe8 25. Rg3 Qf7 26. Bg5 cxd4 27. cxd4 Bxg5 28. Qxg5 Nc6 29. Rag1 Ne7 30. Ne1 Nf5 31. Rf3 Qe8 32. Qxg6 Qxg6 33. Rxg6 Nxd4 34. Rd3 Ne2 35. Rxe6 Rxf2+ 36. Kh3 Nf4+ 37. Kg3 Nxd3 38. Nxd3 Rd2 39. Nf4 Rxb2 40. Nxh5 a4 0-1

[Event "WLS-ch 67th"]
[Site "Cardiff"]
[Date "2023.04.07"]
[Round "2"]
[White "Jukes, Sam"]
[Black "Bullen, Alex"]
[Result "1-0"]
[WhiteElo "1900"]
[BlackElo "2157"]
[PlyCount "89"]
[EventDate "2023.04.07"]
[EventType "swiss"]
[EventRounds "7"]
[EventCountry "WLS"]
[SourceTitle "CBM 213 Extra"]
[Source "ChessBase"]
[SourceDate "2023.05.31"]
[SourceVersion "1"]
[SourceVersionDate "2023.05.31"]
[SourceQuality "1"]

1. e4 c6 2. d4 d5 3. Nc3 dxe4 4. Nxe4 Nf6 5. Nxf6+ exf6 6. c3 Bd6 7. Bd3 0-0 8. Qc2 Re8+ 9. Ne2 h5 10. Be3 Nd7 11. 0-0-0 Nf8 12. c4 Be6 13. h3 b5 14. c5 Bc7 15. Kb1 a5 16. g4 h4 17. g5 fxg5 18. Qd2 f6 19. f4 gxf4 20. Bxf4 Qd5 21. Nc3 Qd7 22. Rhg1 Bf5 23. Bxc7 Bxd3+ 24. Qxd3 Qxc7 25. Ne4 Nh7 26. Nd6 Rf8 27. Qb3+ Kh8 28. Qe6 Ra7 29. Qg4 g5 30. Qh5 Qg7 31. Rde1 Re7 32. Nf5 Rxe1+ 33. Rxe1 Qf7 34. Qh6 Rg8 35. Re7 Qg6 36. Rxh7+ Qxh7 37. Qxf6+ Rg7 38. d5 g4 39. dxc6 g3 40. c7 Qxf5+ 41. Qxf5 Rxc7 42. Qf4 g2 43. Qxh4+ Rh7 44. Qd8+ Kg7 45. Qg5+ 1-0

[Event "Cardiff Welsh Spring op"]
[Site "Cardiff"]
[Date "2023.03.04"]
[Round "3"]
[White "Bullen, Alex"]
[Black "Jukes, Sam"]
[Result "1-0"]
[WhiteElo "2148"]
[BlackElo "1905"]
[PlyCount "135"]
[EventDate "2023.03.04"]
[EventType "swiss"]
[EventRounds "5"]
[EventCountry "WLS"]
[SourceTitle "EXT 2024"]
[Source "ChessBase"]
[SourceDate "2023.10.10"]
[SourceVersion "1"]
[SourceVersionDate "2023.10.10"]
[SourceQuality "1"]

1. d4 Nf6 2. Nf3 b6 3. g3 Bb7 4. Bg2 e6 5. 0-0 Be7 6. c4 0-0 7. Re1 d5 8. cxd5 exd5 9. Nc3 Nbd7 10. Bf4 Ne4 11. Nxe4 dxe4 12. Nd2 f5 13. Nc4 Bg5 14. Ne5 Bxf4 15. Qb3+ Kh8 16. gxf4 Nxe5 17. dxe5 Bd5 18. Qc3 c6 19. Red1 Qe7 20. a3 Qc5 21. Qxc5 bxc5 22. Rac1 Rab8 23. Rd2 Rb5 24. e3 g5 25. Bf1 Rb7 26. fxg5 Rg8 27. h4 h6 28. Bc4 hxg5 29. hxg5 Rh7 30. Rc3 Rxg5+ 31. Kf1 Rh1+ 32. Ke2 Rgg1 33. Rxd5 cxd5 34. Bb3 c4 35. Ba4 Rb1 36. Rc2 Rbd1 37. f4 Rb1 38. Kd2 Rbd1+ 39. Kc3 Rd3+ 40. Kb4 Rxe3 41. e6 Kg7 42. e7 Rh8 43. e8Q Rxe8 44. Bxe8 Kf6 45. Bc6 d4 46. Rxc4 d3 47. Rc1 d2 48. Rd1 Rd3 49. Bb5 Rd8 50. Kc3 e3 51. Be2 Rd6 52. Rh1 Kg6 53. Rg1+ Kf6 54. Rh1 Kg6 55. b3 Rd7 56. Kc2 Rd8 57. Kd1 a5 58. a4 Rd4 59. Rh3 Re4 60. Rf3 Kf6 61. Bd3 Re7 62. Ke2 Kg6 63. Bc2 Kh5 64. Rxe3 Rg7 65. Kxd2 Kg4 66. Re5 Kf3 67. Rxa5 Rd7+ 68. Kc3 1-0

[Event "Cardiff Welsh Spring op"]
[Site "Cardiff"]
[Date "2023.03.04"]
[Round "1"]
[White "Enoch, Stuart"]
[Black "Jukes, Sam"]
[Result "0-1"]
[WhiteElo "1390"]
[BlackElo "1905"]
[PlyCount "38"]
[EventDate "2023.03.04"]
[EventType "swiss"]
[EventRounds "5"]
[EventCountry "WLS"]
[SourceTitle "EXT 2024"]
[Source "ChessBase"]
[SourceDate "2023.10.10"]
[SourceVersion "1"]
[SourceVersionDate "2023.10.10"]
[SourceQuality "1"]

1. b3 Nf6 2. c4 g6 3. Bb2 Bg7 4. Nf3 0-0 5. e3 c5 6. Be2 Nc6 7. 0-0 b6 8. Re1 Bb7 9. d4 Ne4 10. Nbd2 f5 11. Qb1 Nxd2 12. Nxd2 cxd4 13. Bf3 dxe3 14. Rxe3 e6 15. Bxg7 Kxg7 16. Qd3 Qf6 17. Rae1 Rae8 18. Qd6 e5 19. Bxc6 Qxd6 0-1

[Event "Hastings Masters op"]
[Site "Hastings"]
[Date "2023.01.03"]
[Round "7"]
[White "Arnott, Jonathan"]
[Black "Jukes, Sam"]
[Result "1-0"]
[WhiteElo "2063"]
[BlackElo "1928"]
[PlyCount "53"]
[EventDate "2022.12.28"]
[EventType "swiss"]
[EventRounds "10"]
[EventCountry "ENG"]
[SourceTitle "CBM 212 Extra"]
[Source "ChessBase"]
[SourceDate "2023.03.31"]
[SourceVersion "1"]
[SourceVersionDate "2023.03.31"]
[SourceQuality "1"]

1. e4 c5 2. Be2 Nc6 3. d3 g6 4. f4 e6 5. Nf3 Nge7 6. 0-0 Bg7 7. c3 d5 8. e5 0-0 9. Na3 a6 10. Nc2 d4 11. Ng5 f6 12. exf6 Bxf6 13. Ne4 b6 14. Nxf6+ Rxf6 15. Bf3 Ra7 16. Qe2 dxc3 17. bxc3 Nd5 18. c4 Ndb4 19. Nxb4 Nxb4 20. Bb2 Rff7 21. Qe5 Kf8 22. Rad1 Nc2 23. d4 Nxd4 24. Rxd4 cxd4 25. Qh8+ Ke7 26. Ba3+ Kd7 27. Qxd4+ 1-0

[Event "Hastings Masters op"]
[Site "Hastings"]
[Date "2022.12.29"]
[Round "2"]
[White "Jukes, Sam"]
[Black "Damodaran, Patrick"]
[Result "1-0"]
[WhiteElo "1928"]
[BlackElo "1701"]
[PlyCount "107"]
[EventDate "2022.12.28"]
[EventType "swiss"]
[EventRounds "10"]
[EventCountry "ENG"]
[SourceTitle "CBM 212 Extra"]
[Source "ChessBase"]
[SourceDate "2023.03.31"]
[SourceVersion "1"]
[SourceVersionDate "2023.03.31"]
[SourceQuality "1"]

1. e4 g6 2. d4 Bg7 3. Nc3 d6 4. f4 Nf6 5. Nf3 c5 6. dxc5 Qa5 7. Qd4 dxc5 8. Bb5+ Nc6 9. Qa4 Qxa4 10. Bxa4 Bg4 11. e5 Nd7 12. Be3 0-0 13. Nd5 Rae8 14. 0-0-0 Nb6 15. Bxc6 bxc6 16. Nc3 Nc4 17. Bxc5 Bh6 18. Rd4 Bxf3 19. Rxc4 Bxg2 20. Rg1 Bd5 21. Nxd5 cxd5 22. Rd4 e6 23. Kb1 Rb8 24. Bxf8 Bxf8 25. Rg3 Bc5 26. Ra4 Kf8 27. Rc3 Bb6 28. h4 h5 29. b3 Ke8 30. Kc1 Kd7 31. Rd3 Rb7 32. c4 Rc7 33. Kd2 Rc5 34. cxd5 Rxd5 35. Rxd5+ exd5 36. Kd3 Kc6 37. Ra6 Kc5 38. a4 Kb4 39. a5 Bf2 40. Rf6 Bxh4 41. Rxf7 Kc5 42. Rxa7 Bd8 43. e6 h4 44. e7 Bxe7 45. Rxe7 Kb5 46. b4 h3 47. Rh7 d4 48. Kxd4 h2 49. Rxh2 g5 50. Rh5 Ka6 51. Kc5 gxf4 52. Rh7 f3 53. b5+ Kxa5 54. Ra7# 1-0